Personal evangelism. (Record no. 10995)

000 -LEADER
fixed length control field 00554nam a2200181 a 4500
001 - CONTROL NUMBER
control field :::00008788$&:&@@
003 - CONTROL NUMBER IDENTIFIER
control field OkBaRHE
005 - DATE AND TIME OF LATEST TRANSACTION
control field 20000607103346.0
008 - FIXED-LENGTH DATA ELEMENTS--GENERAL INFORMATION
fixed length control field s1937 j 000 0 eng u
040 ## - CATALOGING SOURCE
Transcribing agency
100 1# - MAIN ENTRY--PERSONAL NAME
Personal name Sharp, C. J.
245 10 - TITLE STATEMENT
Title Personal evangelism.
260 ## - PUBLICATION, DISTRIBUTION, ETC. (IMPRINT)
Place of publication, distribution, etc Cincinnati, OH., :
Name of publisher, distributor, etc Standard Publishing Company
Date of publication, distribution, etc c1937
300 ## - PHYSICAL DESCRIPTION
Extent 128 p. ;
Dimensions 18 cm.
650 ## - SUBJECT ADDED ENTRY--TOPICAL TERM
Topical term or geographic name as entry element Evangelistic Work Study and Teaching
942 ## - ADDED ENTRY ELEMENTS (KOHA)
Source of classification or shelving scheme
Koha item type Books
Copies
Damaged status Koha item type Date last seen Barcode Full call number Date acquired Source of classification or shelving scheme Shelving location Lost status Copy number Price effective from Not for loan Permanent Location Withdrawn status
 Books2010-04-148788BV 3795 .S52010-04-14 General Stacks 12010-04-14 RHEMA Bible Training College